000 00618nam a2200241 a 4500
001 nice12345678
003 IN_TiNIC
005 20260116011759.0
008 050524s0000 luca grp 000 0 eng
020 _a
_c100
082 0 0 _a297.297
_bNAD
100 _aNadvi, Abul Hasan Ali
245 _aNew Menace and Its Answer
260 _aLucknow
_bGulzar-E-syedi Press
_c0000
300 _a17p
500 _aincludes index and biblioraphy
505 2 _aMiddle eastern world held at asmara,
650 _aIslam-apostasy
700 1 _aNadvi, Abul Hasan Ali
902 _bSRS
942 _cBK
999 _c3903
_d3903